| 000 | 00408cam a2200169ua 4500 | ||
|---|---|---|---|
| 020 | _c15.00 | ||
| 041 |
_aeng _h |
||
| 082 |
_a531 _bRAI/FU |
||
| 100 | _aRais, Ahmed . | ||
| 245 |
_aFundamentals of mechanics / _cRais Ahmed. _hTextual Documents |
||
| 260 |
_aMumbai : _bAsia Publishing House , _c1967. |
||
| 300 | _a235 ; . | ||
| 365 | _a15.00 | ||
| 504 | _a | ||
| 942 | _cBK | ||
| 999 |
_c7505 _d7505 |
||